| 000 | 00604nam a2200205 a 4500 | ||
|---|---|---|---|
| 005 | 20240815063637.0 | ||
| 008 | 011003s1996 mx r 000 0 spa d | ||
| 020 | _a9682995558 | ||
| 035 | _aUPN01000113323 | ||
| 049 | _aI | ||
| 050 | 4 |
_aQE521.3 _bV3.8 |
|
| 100 | 1 |
_aValek Valdés, Gloria _933327 |
|
| 245 | 1 | 4 |
_aLos volcanes / _ctexto de Gloria Valek : il. Claudia de Teresa. |
| 260 |
_aMéxico, _bCNCA : _bADN, _c1996. |
||
| 300 |
_a34 p. : _bil. col. |
||
| 440 | 0 | _aFenómenos naturales | |
| 650 | 4 |
_aVolcanes _zMéxico _921766 |
|
| 650 | 4 |
_aVOLCANES - _vLITERATURA JUVENIL _921765 |
|
| 905 | _aInfantil | ||
| 999 |
_c87231 _d87231 |
||